Data structures using C (Record no. 180150)

MARC details
000 -LEADER
fixed length control field 00375nam a2200145Ia 4500
008 - FIXED-LENGTH DATA ELEMENTS--GENERAL INFORMATION
fixed length control field 230917s9999||||xx |||||||||||||| ||und||
040 ## - CATALOGING SOURCE
-- 228311
Original cataloging agency VIVEKANANDA LIBRARY
041 ## - Language
-- English
082 ## - DDC NUMBER
Classification number 005.133 B181D
100 ## - MAIN ENTRY--PERSONAL NAME
Personal name Balagurusamy, E
245 #0 - TITLE STATEMENT
Title Data structures using C
260 ## - PUBLICATION, DISTRIBUTION, ETC. (IMPRINT)
Place of publication, distribution, etc New Delhi
Name of publisher, distributor, etc McGraw Hill Education (India)
Date of publication, distribution, etc 2015
300 ## - PHYSICAL DESCRIPTION
Pages xii, 315 p.
942 ## - ADDED ENTRY ELEMENTS (KOHA)
Koha item type Books
Holdings
Withdrawn status Lost status Damaged status Not for loan Location (home branch) Sublocation or collection (holding branch) Shelving location Date acquired Koha issues (times borrowed) Koha full call number Accession No. Koha date last seen Koha item type
        VIVEKANANDA LIBRARY VIVEKANANDA LIBRARY UIET Library 15/09/2015 4 005.133 B181D 348853 21/08/2024 Books
        VIVEKANANDA LIBRARY VIVEKANANDA LIBRARY UIET Library 15/09/2015 6 005.133 B181D 348854 04/09/2024 Books
        VIVEKANANDA LIBRARY VIVEKANANDA LIBRARY UIET Library 15/09/2015 4 005.133 B181D 348855 10/10/2024 Books
        VIVEKANANDA LIBRARY VIVEKANANDA LIBRARY UIET Library 15/09/2015 4 005.133 B181D 348856 14/10/2024 Books
© Designed and Maintained by Vivekananda Library, MDU Rohtak